Economics for administrators / (Record no. 127112)

MARC details
000 -LEADER
fixed length control field 00707nam a22002297a 4500
005 - DATE AND TIME OF LATEST TRANSACTION
control field 20170124110020.0
010 ## - LIBRARY OF CONGRESS CONTROL NUMBER
LC control number A-109983
020 ## - INTERNATIONAL STANDARD BOOK NUMBER
Terms of availability 00.00
International Standard Book Number 0706913868
035 ## - SYSTEM CONTROL NUMBER
System control number A-109983
037 ## - SOURCE OF ACQUISITION
Source of stock number/acquisition Cen Lib/Ret
040 ## - CATALOGING SOURCE
Original cataloging agency DPL
Language of cataloging EN
082 ## - DEWEY DECIMAL CLASSIFICATION NUMBER
Classification number 338.9
Item number MON
100 ## - MAIN ENTRY--PERSONAL NAME
Personal name Mongia, J. N.
9 (RLIN) 13574
245 ## - TITLE STATEMENT
Title Economics for administrators /
Statement of responsibility, etc by J. N. Mongia
260 ## - PUBLICATION, DISTRIBUTION, ETC. (IMPRINT)
Place of publication, distribution, etc New Delhi
Name of publisher, distributor, etc Vikas Publishing House
Date of publication, distribution, etc 1982
270 ## - ADDRESS
City New Delhi
Address 5, Ansari Road, Darya Ganj
Postal code 110002
300 ## - PHYSICAL DESCRIPTION
Extent 539p.
Dimensions 24cm(Hb)
500 ## - GENERAL NOTE
General note Includes index<br/>
650 ## - SUBJECT ADDED ENTRY--TOPICAL TERM
Topical term or geographic name as entry element India -- Economic conditions -- 1947-
9 (RLIN) 19435
650 ## - SUBJECT ADDED ENTRY--TOPICAL TERM
Topical term or geographic name as entry element India -- Economic policy -- 1947-
9 (RLIN) 19436
942 ## - ADDED ENTRY ELEMENTS (KOHA)
Source of classification or shelving scheme Dewey Decimal Classification
Koha item type English Books
Classification part 338.9
Call number suffix MON
Holdings
Withdrawn status Lost status Damaged status Not for loan Home library Current library Date acquired Source of acquisition Cost, normal purchase price Total Checkouts Full call number Barcode Date last seen Copy number Cost, replacement price Price effective from Koha item type Public note
Written off       Central Library Central Library 27/06/2015 Cen Lib/Ret 0.00   338.9 MON A-109983 27/06/2015 1 0.00 27/06/2015 English Books Written off on approval by DLB (By Circulation); dtd 15-06-2023

© Delhi Public Library
Hit Counter
free hit counter